Países a partir de una ciudad no capital IV - Estadísticas

Estadísticas generales
  • Esta prueba ha sido intentada 40 veces
  • La puntuación promedio es 6 de 16
Estadísticas de respuestas
Ciudad País % Correcto
Niš Serbia
74%
Chiang Mai Tailandia
61%
Al Ain Emiratos Árabes Unidos
58%
Bengasi Libia
50%
Burgas Bulgaria
47%
Dammam Arabia Saudita
39%
Eupen Bélgica
39%
Sfax Túnez
37%
Kandahar Afganistán
32%
Qom Irán
32%
Mo i Rana Noruega
24%
Tainan Taiwán
21%
Bulawayo Zimbabue
18%
Erdenet Mongolia
13%
Touba Senegal
13%
Nadi Fiyi
5%
No se encontraron pruebas coincidentes
Distribución de puntuación
Porcentaje de gente con cada puntuación
Porcentaje por número respondido
Historial de tus puntuaciones
No has intentado esta prueba.